LIBRARY & INFORMATION CENTRE, KCAET, TAVANUR

ONLINE PUBLIC ACCESS CATALOGUE (OPAC)

Malayalam-Malayalam-English nighandu / | മലയാളം-മലയാളം-ഇംഗ്ലീഷ് നിഘണ്ടു (Record no. 19506)

MARC details
000 -LEADER
fixed length control field 00492nam a22001577a 4500
003 - CONTROL NUMBER IDENTIFIER
control field OSt
008 - FIXED-LENGTH DATA ELEMENTS--GENERAL INFORMATION
fixed length control field 250903b |||||||| |||| 00| 0 eng d
041 ## - LANGUAGE CODE
Language code of text/sound track or separate title mal
082 ## - DEWEY DECIMAL CLASSIFICATION NUMBER
Classification number 494.81203
Item number SIV
100 ## - MAIN ENTRY--AUTHOR NAME
Personal name Sivadas, P. K
245 ## - TITLE STATEMENT
Title Malayalam-Malayalam-English nighandu /
Remainder of title മലയാളം-മലയാളം-ഇംഗ്ലീഷ് നിഘണ്ടു
260 ## - PUBLICATION, DISTRIBUTION, ETC. (IMPRINT)
Place of publication Thiruvananthapuram :
Name of publisher Chintha Publishers,
Year of publication 2018.
300 ## - PHYSICAL DESCRIPTION
Number of Pages 768 p.
650 ## - SUBJECT ADDED ENTRY--TOPICAL TERM
Topical Term Dictionary
942 ## - ADDED ENTRY ELEMENTS (KOHA)
Koha item type Books
Holdings
Withdrawn status Lost status Damaged status Home library Current library Date acquired Source of acquisition Cost, normal purchase price Full call number Accession Number Koha item type
      KAUAET KAUAET 03/09/2025 Donated by KT Jaleel MLA 500.00 494.81203 SIV 26286 Books
free website counter